000
00305nam a2200133Ia 4500
008
220204s9999 xx 000 0 und d
082
_a
057
_b
PIE
100
_a
PIELOU, E C
245
0
_a
Biogeography
260
_a
New York
_b
John Wiley
_c
1979
650
_a
Biogeography
650
_a
phylogy
942
_c
BK
999
_c
36302
_d
36302